MDQL
is popping MORE tags! Check the
thread
!
Quizzes
Events
Quiz Creation
Community
Videos
Private Events
Remove Ads
Sign In
Join for FREE
Feedback
Dark Mode
Quiz Categories
Sports
Geography
Music
Movies
Television
Just For Fun
Miscellaneous
History
Literature
Language
Science
Gaming
Entertainment
Religion
Holiday
For Kids
Quiz Lab
Recent
Popular Today
Quiz Kudos Today
Editor Picks
Curator Picks
Quizzes by...
Day
Popularity
Type
Ratings
Length
Year
Community
Subscriptions
Recent Discussions
Orange Saloon
Badges
Playlists
Quests
Create
Leaderboards
Showdown
Live 5
Trivia Bingo
Activity
Puzzle Library
Sporcle Events
Private Events
Virtual Trivia
Globe League
Become a Host
Pub Owners
SporcleCon
Opinionation
Our Games
Videos
Blog
Mobile Apps
Partnerships
Remove Ads and Go Orange
Feedback
Sports
Athletes
MLB
NBA
NHL
NFL
Soccer
Sports Teams
WWE
NCAA
Football
Premier League
Basketball
Baseball
Hockey
Golf
Tennis
Cricket
Rugby
Auto Racing
Olympics
World Cup
Sports
Athletes
MLB
NBA
NHL
NFL
Soccer
Sports Teams
WWE
NCAA
Football
Premier League
Basketball
Baseball
Hockey
Golf
Tennis
Cricket
Rugby
Auto Racing
Olympics
World Cup
Random Quiz
Search Sporcle
×
Quiz Lab
Quiz Lab
Sports
tour
Type in answers that appear in a list
Type in answers that appear in a list
Classic
Best Score? Go Orange.
Cycling: Tour De France Podium Before WW2 Stats
Can you name the riders that ended on the TDF podium before WW2
By
nielsongena1
10m
99 Questions
533 Plays
533 Plays
533 Plays
Comments
Comments
Give Quiz Kudos
Give Quiz Kudos
-
- Ratings
hide this ad
Replay
Link that replays current quiz
Next Quiz
Link to next quiz in quiz playlist
You Got
0%
They Got
Avg Score
74%
Avg Friend Score
Upgrade to see
Score Distribution
Jump to the score distribution portion of the page
Score
0/99
Timer
10:00
0
Plays Today
Year
Answer
% Correct
1938
Gino Bartali
97.4%
1935
Romain Maes
97%
1936
Sylvère Maes
97%
1939
Sylvère Maes
97%
1913
Philippe Thys
96.4%
1914
Philippe Thys
96.4%
1920
Philippe Thys
96.4%
1903
Maurice Garin
96.1%
1924
Nicolas Frantz
95.7%
1926
Nicolas Frantz
95.7%
1927
Nicolas Frantz
95.7%
1928
Nicolas Frantz
95.7%
1907
Lucien Petit-Breton
94.9%
1908
Lucien Petit-Breton
94.9%
1930
Antonin Magne
94.5%
1931
Antonin Magne
94.5%
1934
Antonin Magne
94.5%
1936
Antonin Magne
94.5%
1914
Henri Pélissier
94.4%
1923
Henri Pélissier
94.4%
1908
François Faber
94.2%
1909
François Faber
94.2%
1910
François Faber
94.2%
1923
Ottavio Bottecchia
93.4%
1924
Ottavio Bottecchia
93.4%
1925
Ottavio Bottecchia
93.4%
1928
André Leducq
92.3%
1930
André Leducq
92.3%
1932
André Leducq
92.3%
1904
Henri Cornet
91.4%
1919
Firmin Lambot
90.4%
1920
Firmin Lambot
90.4%
1922
Firmin Lambot
90.4%
Year
Answer
% Correct
1907
Gustave Garrigou
90%
1909
Gustave Garrigou
90%
1910
Gustave Garrigou
90%
1911
Gustave Garrigou
90%
1912
Gustave Garrigou
90%
1913
Gustave Garrigou
90%
1910
Octave Lapize
89.5%
1933
Georges Speicher
88.7%
1934
Roger Lapébie
87.4%
1937
Roger Lapébie
87.4%
1913
Marcel Buysse
86.7%
1924
Lucien Buysse
86.7%
1925
Lucien Buysse
86.7%
1926
Lucien Buysse
86.7%
1905
Louis Trousselier
86.5%
1906
Louis Trousselier
86.5%
1927
Maurice De Waele
86.5%
1928
Maurice De Waele
86.5%
1929
Maurice De Waele
86.5%
1906
René Pottier
85.5%
1921
Léon Scieur
85.3%
1912
Odiel Defraye
85.2%
1939
René Vietto
75.2%
1930
Learco Guerra
74.8%
1933
Learco Guerra
74.8%
1912
Eugène Christophe
72.6%
1919
Eugène Christophe
72.6%
1927
Julien Vervaecke
68.2%
1935
Félicien Vervaecke
68.2%
1936
Félicien Vervaecke
68.2%
1938
Félicien Vervaecke
68.2%
1903
Lucien Pothier
66%
1909
Jean Alavoine
64.7%
Year
Answer
% Correct
1914
Jean Alavoine
64.7%
1919
Jean Alavoine
64.7%
1922
Jean Alavoine
64.7%
1905
Hippolyte Aucouturier
64.5%
1929
Joseph Demuysere
53.4%
1931
Joseph Demuysere
53.4%
1920
Hector Heusghem
53%
1921
Hector Heusghem
53%
1907
Émile Georget
49.6%
1911
Émile Georget
49.6%
1925
Bartolomeo Aymo
48.3%
1926
Bartolomeo Aymo
48.3%
1932
Kurt Stöpel
48.1%
1932
Francesco Camusso
47%
1906
Georges Passerieu
45.5%
1908
Georges Passerieu
45.5%
1904
Aloïs Catteau
45.1%
1904
Jean-Baptiste Dortignacq
44.5%
1905
Jean-Baptiste Dortignacq
44.5%
1921
Honoré Barthélémy
44.5%
1937
Leo Amberg
43.8%
1933
Giuseppe Martano
43.6%
1934
Giuseppe Martano
43.6%
1931
Antonio Pesenti
43.4%
1939
Lucien Vlaemynck
39.7%
1937
Mario Vicini
39.3%
1911
Paul Duboc
37.6%
1922
Félix Sellier
37.6%
1903
Fernand Augereau
37.2%
1938
Victor Cosson
36.3%
1929
Giuseppe Pancera
35.3%
1935
Ambrogio Morelli
33.8%
1923
Romain Bellenger
31.4%
Quiz Playlist
Details
Report
Send in Message
Add To Playlist
Classic:
Type in answers that appear in a list
Last Updated: Feb 16, 2017
Quiz Scoreboard
CHALLENGE
Sign Up to Join the Scoreboard
Show All
Scores
Hide
Comments
May contain spoilers
Recently Published
Holiday 10x10 Sorting Gallery
by lukepisani3
Holiday
15m
Two Season TV Shows II
by 123Four
Television
10m
Image Sorting: Flags VI
by Barbecue
Geography
2m
More to Explore
Quiz From the Vault
Featured Blog Post
14 Easter Pick-up Lines to Find Eggs With
hide this ad
You Might Also Like...
Tags
Cycling
Cycling Team
France
race
road
tour
Tour de France
uci
UCI Cycling
UCI Overall
UCI Road
World Tour
Today's Top Quizzes in Sports
Browse Sports
hide this ad
Today's Top Quizzes in tour
Browse tour
Top Contributed Quizzes in Sports
1
Les meilleurs buteurs des matchs entre le PSG et l’OM
2
Les entraîneurs de l'OM et du PSG au 21e siècle
3
2022 World Cup Stars
4
Les joueurs passés par le PSG et l'OM
5
Players with Multiple 50 Home Run Seasons
6
FIFA Club World Cup Champions
7
Criteria MLB: Left Handed Sluggers
8
Les joueurs passés par le LOSC et le RC Lens
9
Top 10 NHL Goal Scorers of All Time
10
NBA Logic Puzzle 2.0
Explore More
Trending Topics
Disney
Anime
Crossword
Marvel
Kpop
NBA
Harry Potter
The Office
Soccer
Song
WWE
Pokémon
NFL
Country
Puzzle
hide this ad
More By:
nielsongena1
Quiz
Plays
Rating
Category
Featured
Created
Cycling: Monument Winners Since 1960
12,780
5.00
Sports
Dec 3, 2016
100 Greatest Road Cyclists of All Time
6,170
4.63
Sports
Jun 8, 2016
Cycling: World Championship Podium Since 1927
5,321
5.00
Sports
Jan 22, 2016
Cycling: Top Cyclists of All Time per Country
3,910
4.00
Sports
Jan 17, 2016
Cycling: Velo d'Or top 3
3,729
5.00
Sports
Aug 21, 2015
Go to Creator's Profile
Score Distribution
Quiz Creator Spotlight
nielsongena1
Follow
Send a Message
Quizzes Created
-
Created Quiz Play Count
-
More By This Creator
Popular Quizzes Today
1
Find the US States - No Outlines Minefield
2
Colored Red Africa Blitz
3
Find the 'City' Movie
4
The Countries of the World
5
5x2 Blitz: Bands
6
Find the Countries of Europe - No Outlines Minefield
7
Find the US States
8
US States
More Sports Quizzes
Opening Game Starting 5: LA Lakers
Published
Trending Quizzes
Colored Red Europe Blitz I
Colored Red Europe Blitz II
Colored Red Africa Blitz II
Even More Two Season TV Shows
Colored Red Africa Blitz III
Recently Updated
Odd Team Out - Big 4 Players
pecheneg
Quick Pick: 20 Twenties
pecheneg
March Madness Men's Triple Doubles
pecheneg
How Do You Spell That?
pecheneg
Godzilla Movies
pecheneg
Grab Bag: 4-10 Letters
pecheneg
2024 March Madness Bracket
pecheneg
Famous TV Couples
Peacemaker
Champions League XIs: Real Madrid
pecheneg
Largest US Cities 1790-2010
pecheneg
Trending Topics
Disney
Kpop
Harry Potter
Crossword
Anime
NBA
Marvel
Song
WWE
Pokémon
Soccer
The Office
Country
Puzzle
NFL
Your Account Isn't Verified!
In order to create a playlist on Sporcle, you need to verify the email address you used during registration. Go to your
Sporcle Settings
to finish the process.
Report this User
Report this user for behavior that violates our
Community Guidelines
.
Details:
Send Report
Go to the Sporcle.com Mobile Site →
Comments